The world of knowledge : 1

Bibliographic Details
Other Authors: Meena, Shipra
Format: Book
Published: Selangor : Early Learner Publication Sdn.Bhd , 2005
Subjects:

MARC

LEADER 00000cam a2200000 7i4500
001 0000006055
005 20151222.0
008 070814
020 |a 9833002404 
090 0 0 |a G   |b ENG 
245 1 4 |a The world of knowledge :   |b 1   |c Compiled and edited by Meena & Shipra 
260 |a Selangor :   |b Early Learner Publication Sdn.Bhd ,   |c 2005 
500 |a Children ages 10-12 years old (pink) 
650 0 |a Science   |x Juvenile literature 
700 1 |a Meena 
700 1 |a Shipra 
999 |a 0000981677   |b Book   |c Children Collection   |e Cawangan Tmn. Ungku Tun Aminah 
999 |a 0000981678   |b Book   |c Children Collection   |e Cawangan Tangkak 
999 |a 0000981679   |b Book   |c Children Collection   |e Cawangan Segamat 
999 |a 0000981681   |b Book   |c Children Collection   |e Perbadanan Perpustakaan Awam Johor 
999 |a 0001139915   |b Book   |c Children Collection   |e Cawangan Tmn. Ungku Tun Aminah 
999 |a 0001150901   |b Book   |c Children Collection   |e Cawangan Batu Pahat 
999 |a 0001150903   |b Book   |c Children Collection   |e Cawangan Pontian